Estudio de los minerales petrográficos / (Record no. 138514)
[ view plain ]
| 000 -LEADER | |
|---|---|
| campo de control de longitud fija | 00613nam a2200169 4500 |
| 001 - NÚMERO DE CONTROL | |
| campo de control | 138514 |
| 003 - IDENTIFICADOR DE NÚMERO DE CONTROL | |
| campo de control | ES-MaACL |
| 005 - FECHA Y HORA DE LA ÚLTIMA TRANSACCIÓN | |
| campo de control | 20230906195559.0 |
| 007 - CAMPO FIJO DE DESCRIPCIÓN FÍSICA--INFORMACIÓN GENERAL | |
| campo de control de longitud fija | t| |
| 008 - DATOS DE LONGITUD FIJA--INFORMACIÓN GENERAL | |
| campo de control de longitud fija | 070214s1945 sp r ||||1| spa d |
| 100 1# - ENTRADA PRINCIPAL--NOMBRE DE PERSONA | |
| Nombre de persona | San Miguel de la Cámara, Maximino. |
| 9 (RLIN) | 102284 |
| 245 10 - MENCIÓN DEL TÍTULO | |
| Título | Estudio de los minerales petrográficos / |
| Mención de responsabilidad, etc. | por Maximino San Miguel de la Cámara y Pablo Martínez Strong. |
| 260 ## - PUBLICACIÓN, DISTRIBUCIÓN, ETC. | |
| Lugar de publicación, distribución, etc. | Madrid : |
| Nombre del editor, distribuidor, etc. | [s. n.], |
| Fecha de publicación, distribución, etc. | 1945 ( |
| Fabricante | S. Aguirre) |
| 300 ## - DESCRIPCIÓN FÍSICA | |
| Extensión | VII, 1 h., 290 p., IV, XI lám. : |
| Otras características físicas | il. ; |
| Dimensiones | 25 cm + |
| Material acompañante/anejo | 1 gráf. pleg. |
| 700 1# - ENTRADA AGREGADA--NOMBRE PERSONAL | |
| Nombre de persona | Martínez Strong, Pablo. |
| 9 (RLIN) | 78439 |
| 852 ## - LOCALIZACIÓN | |
| Ubicación | ES-MaACL |
| Número de control de estantería | B-10710 |
| Sublocalización o colección | R.24421 |
| Estatus retirado | Estado de pérdida | Estado de daño | No para préstamo | Biblioteca de origen | Biblioteca actual | Ubicación en estantería | Fecha de adquisición | Fuente de adquisición | Total de préstamos | Signatura topográfica completa | Código de barras | Visto por última vez | Precio de reemplazo | Tipo de ítem Koha |
|---|---|---|---|---|---|---|---|---|---|---|---|---|---|---|
| Biblioteca del Ateneo de Madrid | Biblioteca del Ateneo de Madrid | Sala Pardo Bazán | 17/01/2008 | B-10710 | 1144133 | 23/02/2023 | 23/02/2023 | Libro impreso |
